Allgemeine Fakten - Städte in Deutschland - Statistiken

Allgemein
  • Dieses Quiz wurde 96 mal gespielt
  • Das Durchschnittsergebnis liegt bei 14 aus 23
Antwortstatistiken
Frage Antwort % Korrekt
Welche dieser Städte geht auf die römische Antike zurück? Trier
98%
Welche dieser Städte ist keine "Autostadt"? Ludwigshafen
86%
Welche dieser Städte liegt am nächsten zu Frankfurt am Main? Mainz
78%
Welche dieser Städte lag früher in der DDR? Eisenach
77%
Welche dieser Städte ist eine der größten fünf in ihrem jeweiligen Bundesland? Offenbach
77%
Welche dieser Städte liegt nicht an der Nordsee? Wismar
77%
Welche dieser Städte hat keinen Flughafen, von dem Passagierflugzeuge abfliegen? Essen
72%
Welche dieser Städte verfügt über ein Straßenbahnnetz? Braunschweig
69%
In welcher dieser Städte befinden sich die meisten S-Bahn-Stationen Frankfurt
64%
Welche dieser Städte liegt am höchsten über dem Meeresspiegel? München
64%
Welche dieser Städte liegt nicht am Rhein? Mönchengladbach
63%
Welche dieser Städte liegt am nächsten an einer Staatsgrenze? Kaiserslautern
59%
Welche dieser Städte hat die meisten Einwohner? Mannheim
58%
Welche dieser Städte befindet sich am nächsten zu Stuttgart? Heilbronn
57%
Welche ist die größte deutsche Stadt an der Ruhr? Dortmund
56%
Welche dieser Städte hat den niedrigsten Anteil an Menschen mit Migrationshintergrund? Dresden
55%
Welches dieser Städtepaare liegt am weitesten auseinander? Leipzig & Halle
53%
Welche dieser Städte hat keine Fernzuganbindung? Wilhelmshaven
52%
Welche dieser Städte hat das größte Fußballstadion (nach Plätzen)? Kaiserslautern
47%
Welche Stadt wird nicht durch die Autobahn 5 mit Frankfurt am Main verbunden? Kassel
43%
Welche dieser Städte hat kein S-Bahn-Netz? Bielefeld
35%
Weiche dieser Städte hat den höchsten Anteil an Menschen mit Migrationshintergrund? Offenbach
33%
Welche dieser Städte hat die wenigsten Einwohner? Darmstadt
30%
Keine übereinstimmenden Quizze gefunden
Verteilung der Resultate
Anzahl Personen mit jedem Resultat
Perzentil nach korrekt beantworteten Fragen
Ihre Resultats-Entwicklung
Sie haben dieses Quiz noch nicht gespielt